EXPERIMENTAL PHARMACOLOGY -III (Record no. 1218997)

MARC details
000 -LEADER
fixed length control field 00445nam a2200169Ia 4500
008 - FIXED-LENGTH DATA ELEMENTS--GENERAL INFORMATION
fixed length control field 260407s2022 xx 000 0 und d
041 ## - LANGUAGE CODE
Language code of text/sound track or separate title eng
082 ## - DEWEY DECIMAL CLASSIFICATION NUMBER
Classification number 615/PAN
Item number 11505
100 ## - MAIN ENTRY--PERSONAL NAME
Personal name DR. GHANSHYAM PANIGRAAHI
245 ## - TITLE STATEMENT
Title EXPERIMENTAL PHARMACOLOGY -III
250 ## - EDITION STATEMENT
Edition statement 2ND
260 ## - PUBLICATION, DISTRIBUTION, ETC.
Place of publication, distribution, etc. PUNE
Name of publisher, distributor, etc. NIRLAI PRAKASHAN
Date of publication, distribution, etc. 2022
300 ## - PHYSICAL DESCRIPTION
Extent 121p
650 ## - SUBJECT ADDED ENTRY--TOPICAL TERM
Topical term or geographic name entry element EXPERIMENTAL PHARMACOLOGY -III
650 ## - SUBJECT ADDED ENTRY--TOPICAL TERM
Topical term or geographic name entry element PHARMACOLOGY
700 ## - ADDED ENTRY--PERSONAL NAME
Personal name DR.ARJUN PATARA
Holdings
Withdrawn status Lost status Damaged status Not for loan Home library Current library Date acquired Cost, normal purchase price Total Checkouts Full call number Barcode Date last seen Price effective from Koha item type
        College of Pharmacy, Kolhapur College of Pharmacy, Kolhapur 21/03/2024 135.00   615/PAN/11505 PCK-11505 08/04/2026 08/04/2026 Book